| 000 | 00928nam a2200241 a 4500 | ||
|---|---|---|---|
| 001 | 000016460 | ||
| 003 | DO-SdBNP | ||
| 005 | 20251022101015.0 | ||
| 008 | 100305s2003 dr r 001 0 spa d | ||
| 040 |
_aDO-SdBNP _bspa _cBNPHU |
||
| 082 |
_a352.48 _aR426m, 2003 |
||
| 110 | 1 |
_aRepública Dominicana _bSecretariado Técnico de la Presidencia _932024 |
|
| 245 | 1 | 0 | _aManual de clasificadores presupuestarios del sector público /. |
| 250 | _a3a. ed. | ||
| 260 |
_aSanto Domingo : _bOficina Nacional de Presupuesto _bPrograma de Administración Financiera Integrada, _c2003 _fLozano |
||
| 300 |
_a189 p. ; _c24 cm. |
||
| 650 | 0 |
_aFinanzas públicas _932168 |
|
| 650 | 4 |
_aPresupuesto _zRepública Dominicana _97940 |
|
| 650 | 4 |
_aRepública dominicana _xCondiciones económicas _910259 |
|
| 650 | 4 |
_aGastos públicos _zRepública Dominicana _96405 |
|
| 651 | 4 |
_aRepública Dominicana _xPolítica Económica _9643 |
|
| 942 |
_2ddc _cLBS1 |
||
| 999 |
_c15995 _d15995 |
||